000 00630cam a2200217 i 4500
005 20251011081019.0
020 _a9966712143
_cTZS 81,000/=
040 _aMCCL
_beng.
_eAACR 2nd. rev. ed.
082 _a346.07 LAI
100 1 _aLaibuta, Kibaya Imaana.
245 1 0 _aPrinciples of commercial law /
_cKibaya Imaana Laibuta
250 _a3rd ed.
260 _aNairobi :
_bLaw Africa ,
_cc2017.
300 _axlvii, 619 p;
_c25 cm
504 _aIncludes bibliographical references and index.
546 _aeng.
650 0 _aCommercial law
_zKenya.
650 0 _aPartinership.
700 _aLaibuta, Kibaya Imaana.
942 _cBK
999 _c12467
_d12467